000 00637nam a2200229Ia 4500
003 OSt
005 20220923230123.0
006 a|||||r|||| 00| 0
007 ta
008 Pun
024 _a277,540
037 _cTextual
040 _aARTS
_cARTS
_bPun
041 _2Pun
_aPun
082 _aO153,3N335x, M2
100 _aਹੰਸਪਾਲ, ਹਰਬ॥F ਸਿੰਘ
_9168896
245 0 _aਓ ਪੀ ਡੀ ਦੇ ਬਾਹਰ
260 _c1982
650 _aਪੰਜਾਬੀ ਸਾਹਿਤ
942 _hO153,3N335x, M2
_cTEXL
_2CC
999 _c382592
_d382592